000 00619 a2200157 4500
003 Nust
005 20221208121917.0
020 _a1870760034
040 _cNust
082 _a621.382,MOT
245 _aTelecommunicaions Device Data /
260 _bMotorola
_c1988
505 _aAlphanumeric Index (Page-1), Selector Guide and Cross Reference (Page-2), Data Sheets (Page-3), List of Application Notes and Technical Articles (Page-4), Glossary (Page-5), Handling and Design Guidelines (Page-6), Quality and Reliability (Page-7), Mechanical Data (Page-8).
650 _aTelecommunication Engineering
942 _2ddc
_cBK
999 _c189174
_d189174